000
00330nam a22001457a 4500
008
210310b ||||| |||| 00| 0 eng d
020
_a
9780324164701
041
_a
eng
080
_2
9th
_a
336
082
_a
336
100
_a
56
101
_a
FIN
245
_a
Contemporary Financial Management
_c
Moyer, R. CH
942
_2
udc
_c
BK
999
_c
56277
_d
56277